| 000 | 00604nam a2200181Ia 4500 | ||
|---|---|---|---|
| 008 | 150610s9999 xx 000 0 und d | ||
| 020 | _a9781426205422 | ||
| 050 |
_aHQ796 _b.Z335 2010 |
||
| 100 | _aZandonella, Catherine, 1968- | ||
| 245 |
_aGreen guide families: _bthe complete reference for eco-friendly parents / _cCatherine Zandonella. |
||
| 260 |
_aUSA : _bNational Geographic Society, _c2010. |
||
| 300 |
_a398pages ; _c24 cm. |
||
| 504 | _aIncludes index. | ||
| 520 | _aEnvironmental aspects. | ||
| 650 | _bEnvironmentalism. | ||
| 650 | _xEnvironmental health. | ||
| 650 | _xSustainable living. | ||
| 999 |
_c288039 _d288039 |
||